Missing Word: Sweden by the Letter Quiz Stats

 Plays Quiz Updated Feb 16, 2020

Support Sporcle.
Go Orange.
Score 0/6 Timer 03:00
0 Plays Today
Fact Answer % Correct
Sweden has had a long history of both war and peace with its neighbors before 1814. This includes forming the Kalmar Union with _______ and Norway in 1397.Denmark
95.7%
Sweden is famously neutral and has not been in a war since 1814, but did provide resources to belligerents in both _____ ____.World Wars
95.3%
Although avoiding both NATO and the Warsaw Pact during the Cold War, Sweden did join the ________ _____ in 1995.European Union
89.9%
Home to the _____ ethnic group, Sweden was where we found some of the information we have about their mythology.Norse
70.1%
Sweden is home to many companies, including the telecommunications giant ________, which was founded in 1876 in Stockholm.Ericsson
45.9%
Swedish, or _______ as it's known in its native tongue, is Germanic in origin and is fairly easy for English speakers to learn.Svenska
45.7%

Today's Daily Dose

Missing Word
90s UK #1s

Word Ladder
Full Score

Quick Pick
Prime Books

Get the Picture
Big 4 'P' All-Stars

From the Vault

5 Geography Fivesomes

by timschurz

If we have five fivesomes, does that mean we have a twentyfivesome all together?
Remove Ads.
Support Sporcle.
Get the best of Sporcle when you Go Orange. This ad-free experience offers more features, more stats, and more fun while also helping to support Sporcle. Thank you for becoming a member.

Show Comments

Extras

Top Quizzes Today


Score Distribution

Your Account Isn't Verified!

In order to create a playlist on Sporcle, you need to verify the email address you used during registration. Go to your Sporcle Settings to finish the process.

Report this User

Report this user for behavior that violates our Community Guidelines.

Details: